000 00388nam a2200145Ia 4500
008 230312s9999||||xx |||||||||||||| ||und||
082 _a657.046
_bGUP-A
100 _aR.L. Gupta
245 0 _aAdvanced Accountancy
260 _bSultan Chand & Sons
_aNew Delhi
_c1996
300 _a624
546 _aEng.
650 _aAccounting
_vNature of Accountancy, Income measurement
942 _cBK
999 _c1084
_d1084